=LDR 00000nam 2200000 4500 =001 001150 =005 20250710104409 =035 ##$$a 0010-0725000011 =007 ta =008 250710################a##########0#ind## =082 ##$$a 398.209 598 =100 #$$a Fry,Micheele =245 1#$$a Rumah Untuk Tikus : $b tidak ada anak judul /$c Michele Fry =250 ##$$a cetakan pertama =260 ##$$a Jakarta Timur :$b Badan Pengembangan dan Pembinaan Bahasa,$c 2022 =300 ##$$a 24 hlm. : $b ilus. ; $c 22,9cm =700 #$$a Amy Uzzell =856 ##$$a tbm as-syuhada